000
00244 a2200097 4500
001
45764
100
_a
Webster
245
_a
Webster's third new international dictionary
260
_a
Chicago
_b
Encyclopedia Britannica
_c
090
_c
28892
_d
28892
942
_a
NUST-CAE
_c
M
_c
20993
999
_c
280837
_d
280837